000
00286nam a2200097Ia 4500
082
_a
916.8 NGWE
245
0
_a
The South African fact book
100
_a
Ngwenya, Jabulile Bongiwe Johannesburg, South Africa, 2010
_9
24152
942
_c
BK
008
210816s9999 xx 000 0 und d
999
_c
96155
_d
96154